00438nam a2200157Ia 45000010006000000050017000060080041000230410008000640820013000721000038000852450104001232600009002273000028002366500008002646540008002721678120260306170336.0260306t2011||||xx |||||||||||||| ||und|| aESP a657bG24 aGarcía Quispe, José LuiseAUT 0aEl sistema de libros y registros electrónicos:bvinculados a asuntos tributarios en el nuevo PCGE c2011 a339 páginas :c24 cm. aGEN aCCO